00918nam a2200217Li 4500001002300000003000700023005001700030007000700047008004100054040002100095035002000116245008400136260006300220300005100283500001700334651003600351856009600387856010100483952009900584999001700683canadaadventuret00slmiCaSfIA20230525154845.0cr||||950328q19701979xx f000 0 eng d aUBYcUBYdCaSfIA a(OCoLC)7853320700aCanada :h[electronic resource] badventure tours off the trans-Canada highway. a[S.l. :bMinister of Industry, Trade and Commerce,c197-?] a144 p. :bill (some col.), maps ;c18 x 23 cm. aCover title. 0aCanadaxDescription and travel.41uhttp://www.archive.org/details/canadaadventuret00slmizFree eBook from the Internet Archive42uhttp://www.openlibrary.org/books/OL24368325MzAdditional information and access via Open Library 001040708Project GutenbergaCSPCbCSPCd2023-05-25l0r2023-05-25 00:00:00w2023-05-25yEBK c19181d19181